[Event "HUN-chT U18"]
[Site "Hajduboszormeny"]
[Date "2016.11.03"]
[Round "3.54"]
[White "Dan, Anna"]
[Black "Losonczi, Lilla"]
[Result "1-0"]
[WhiteElo "1403"]
[BlackElo "1244"]
[PlyCount "147"]
[EventDate "2016.11.02"]
[EventType "team-swiss"]
[EventRounds "8"]
[EventCountry "HUN"]
[SourceTitle "CBM 175 Extra"]
[Source "ChessBase"]
[SourceDate "2016.12.12"]
[SourceVersion "1"]
[SourceVersionDate "2016.12.12"]
[SourceQuality "1"]

1. Nf3 Nf6 2. g3 g6 3. Bg2 Bg7 4. 0-0 0-0 5. c4 d6 6. d4 Nbd7 7. b3 e5 8. dxe5 dxe5 9. Bb2 Qe7 10. Nc3 Ne8 11. Nd5 Qd6 12. Nc3 f5 13. Qc2 Nef6 14. Rad1 Qe6 15. Ne1 c6 16. Nd3 b6 17. e4 Bb7 18. f4 Ng4 19. Qe2 Rad8 20. Rde1 Rde8 21. h3 Nh6 22. fxe5 Nxe5 23. exf5 Nxf5 24. Kh2 Qd6 25. Rd1 Nxd3 26. Qxd3 Qxd3 27. Rxd3 Bxc3 28. Bxc3 Re2 29. Rd2 Rfe8 30. Rf2 Rxf2 31. Rxf2 Re3 32. Rf3 Re2 33. Rd3 Kf7 34. Rd7+ Re7 35. Rxe7+ Kxe7 36. Be4 Ke6 37. Kg2 Ne3+ 38. Kf3 Nf5 39. Kf4 Nd6 40. Bd3 c5 41. g4 Nf7 42. g5 Bg2 43. h4 Bb7 44. Be2 Bc6 45. h5 gxh5 46. Bxh5 Bb7 47. Bxf7+ Kxf7 48. Ke5 Ke7 49. a3 a6 50. b4 Bc6 51. bxc5 bxc5 52. Ba5 Ba4 53. Bb6 Ke8 54. Kd6 Bd7 55. Kxc5 Bc8 56. Kd6 Bb7 57. c5 Kf7 58. Kd7 Kg6 59. Bd8 Be4 60. c6 a5 61. Bxa5 Kxg5 62. c7 h5 63. Kd8 Bf5 64. c8Q Bxc8 65. Kxc8 h4 66. Bd8+ Kf5 67. Bxh4 Ke5 68. Kc7 Kd5 69. Kb6 Kc4 70. Ka5 Kb3 71. Be7 Kc4 72. a4 Kd5 73. Kb6 Kc4 74. a5 1-0